| 000 | 00397nam a2200133 4500 | ||
|---|---|---|---|
| 005 | 20260420095501.0 | ||
| 008 | 260420b |||||||| |||| 00| 0 eng d | ||
| 020 | _a0-13-540047-3 | ||
| 100 | _aBlanchard S. Benjamin | ||
| 245 |
_aLogistics Engineering and Management _c/Benjamin S. Blanchard |
||
| 260 |
_aNew Jersey; _bPrentice-Hall Inc; _c1974 |
||
| 300 |
_axvi,399p.ill; _c23.2cm |
||
| 942 |
_2lcc _n0 _cBK |
||
| 999 |
_c227 _d227 |
||